000 00732nam a22002057a 4500
005 20230617034107.0
008 230123b |||||||| |||| 00| 0 eng d
020 _a978-1-337-10192-9
082 _a621.31924 H551 2018
100 _aHerman, Stephen L.
_eauthor
245 _aElectrical wiring industrial:
_bbased on the 2017 nationalz electrical code /
_cStephen L. Herman
250 _a16th ed.
260 _aBoston, ML:
_bCengage Learning,
_cc2018.
300 _axi, 382p.;
_bill.; w/ manual
504 _aIncludes bibliographical index
541 _e5455
650 _aElectrical wiring, interior
650 _aElectrical apparatus and appliances - Installation
650 _aFactories - Electrical equipment - Installation
999 _c614
_d614